Como si no hubiera que cruzar el mar /

Guardado en:
Autor Principal: Pisos, Cecilia
Otros Autores: Nobati, Eugenia, il.
Formato: Libro
Publicado: Buenos Aires : Alfaguara, 2013
Series:Alfaguara Juvenil
Materias:
Etiquetas: Agregar Etiqueta
Sin Etiquetas, Sea el primero en etiquetar este registro!
LEADER 00996nam a22003015a 4500
001 CEM.cems014208
005 20140328114158.0
008 130507s2013##################000#0#####d
003 CEMS
020 |a 9789870400295 
082 0 4 |a A863.4 
100 1 |a Pisos, Cecilia 
245 1 0 |a Como si no hubiera que cruzar el mar /  |c Cecilia Pisos ; ilustraciones de Eugenia Nobati 
260 |a Buenos Aires :  |b Alfaguara,  |c 2013 
300 |a 216 p. 
490 0 |a Alfaguara Juvenil 
500 |a Desde 12 años 
653 |a Literatura 
653 |a Literatura argentina 
653 |a Literatura juvenil 
653 |a Novelas 
653 |a Novelas argentinas 
653 |a Novelas juveniles 
653 |a Ministerio de educación-colección literaria 
700 1 |a Nobati, Eugenia, il. 
859 |a CEMS  |b BIB. CEMS - 11 de abril  |h A863.4  |i P676  |p 26868.14  |t Ej.1 
859 |a CEMS  |b BIB. CEMS - 11 de abril  |h A863.4  |i P676  |p 27745.19  |t Ej.2 
859 |a CEMS  |b BIB. CEMS - Agricultura  |h A863.4  |i P676  |p A1970.14  |t Ej.1